| 000 | 00623cam a22002291 4500 | ||
|---|---|---|---|
| 001 | sa 68011888 | ||
| 003 | DLC | ||
| 005 | 20260227112605.0 | ||
| 008 | 730919s1966 xx 000 0 ind | ||
| 010 | _asa 68011888 | ||
| 035 | _a(OCoLC)691579 | ||
| 040 |
_aDLC _cOAU _dDLC |
||
| 042 | _apremarc | ||
| 050 | 0 | 0 |
_aPL5089.W46 _bK5 |
| 100 | 1 | _aWida, Rani. | |
| 245 | 1 | 0 | _aKisah-kasih wartawan dan sastrawan. |
| 260 |
_aTasikmalaja, _b[S]wandjaja _c[1966] |
||
| 300 |
_a165 p. _billus. _c14 cm. |
||
| 490 | 0 |
_aBuku saku ABC, _vno. 77 |
|
| 500 | _aCover title: Wartawan dan sastrawan. | ||
| 740 | 0 | _aWartawan dan sastrawan. | |
| 999 |
_c84174 _d84174 |
||